| 000 | 00722nam a2200277 a 4500 | ||
|---|---|---|---|
| 003 | OSt | ||
| 005 | 20140310183115.0 | ||
| 008 | 100726s19uu xx 00 eng d | ||
| 050 |
_aNX 440 _b.Z94 2003 |
||
| 082 |
_2FIL 700.1 _aZ8 2003 |
||
| 100 | _aZulueta, Francisco | ||
| 245 |
_aThe humanities. _cZulueta, Francisco |
||
| 250 | _arev. | ||
| 260 |
_aMandaluyong City, Philippines : _bNational Bookstore, _c2003. |
||
| 300 | _a307 | ||
| 521 | _acollege students | ||
| 526 | _c1210L-1700L | ||
| 541 | _j1 | ||
| 541 | _j2 | ||
| 541 | _j3 | ||
| 562 | _e3 | ||
| 650 | _aHumanities | ||
| 650 | _aArts | ||
| 942 |
_2lcc _cBK _kFIL |
||
| 999 |
_c18889 _d18889 |
||